| 000 | 00712nam a2200301Ia 4500 | ||
|---|---|---|---|
| 005 | 20260401122412.0 | ||
| 008 | 008 250103s9999 xx 000 0 eng d | ||
| 020 | _a9780312267179 | ||
| 037 | _aTB | ||
| 040 | _aEDL | ||
| 040 | _beng | ||
| 040 | _cEDL | ||
| 041 | _2eng | ||
| 041 | _aeng | ||
| 084 | _a973.923 PHA | ||
| 084 | _qEDL | ||
| 100 |
_aPham, Andrew X. _91233504 |
||
| 245 | 0 | _aCatfish and Mandala: Two-Wheeled voyage through the landscape and memory of vietnam | |
| 245 | 0 | _cPham, Andrew X. | |
| 260 | _aNew York | ||
| 260 | _bPicador | ||
| 260 | _c1999 | ||
| 300 | _a344p | ||
| 942 | _cTB | ||
| 942 | _h973.923 PHA | ||
| 999 |
_c1847044 _d1847044 |
||